00766cam a2200217 a 4500001000500000005001700005020001500022040002300037050001600060082001100076100002900087245015000116250005400266260003500320300004900355505000800404520006700412521002300479521002000502650002600522440820240821084411.0 a0590383698 aDLCcDLCdDLCbeng00aPZ8.1.R681500a398.221 aRosales, Melodye Benson 10aLeola and the honeybears :cwritten and illustrated by Melodye Benson Rosales.bAn African-American Retelling of GOLDILOCKS AND THE THREE BEARS / aFirst Scholastic paperback printing, January 2000 aNew York :bScholastic,c1999. a37 pages : bcolor illustrations ;c31 cm .  aQ  aAn African American version of Goldilocks and the three bears. a660 bLexile AD  aQ bRaz-Plus  1athree bearsvfiction